Welcome to the Holygrace Academy Library

Please use search bar below to get started

ELUDING THE GOD OF DEATH (Record no. 3591)

MARC details
000 -LEADER
fixed length control field 00286nam a22001337a 4500
020 ## - INTERNATIONAL STANDARD BOOK NUMBER
ISBN 81-7807-042-1
082 ## - DEWEY DECIMAL CLASSIFICATION NUMBER
Classification number 823
Item number NAR/E
100 ## - MAIN ENTRY--AUTHOR NAME
Personal name NARAYANAN, K
245 ## - TITLE STATEMENT
Title ELUDING THE GOD OF DEATH
260 ## - PUBLICATION, DISTRIBUTION, ETC. (IMPRINT)
Place of publication ALUVA
Name of publisher PEN BOOKS
Year of publication 2001
300 ## - PHYSICAL DESCRIPTION
Number of Pages 99
650 ## - SUBJECT ADDED ENTRY--TOPICAL TERM
Topical Term NOVEL
Geographic subdivision INDIA
942 ## - ADDED ENTRY ELEMENTS (KOHA)
Koha item type Books
Holdings
Withdrawn status Lost status Collection code Home library Current library Shelving location Date acquired Source of acquisition Full call number Accession Number Koha item type
    Fiction Main Library Main Library SHELF-14-I- ALPHABETICAL N,O --ENGLISH NOVELS & FICTIONS 30/01/2019 purchase 823 NAR/E 10843 Books